| 000 | 00560nam a2200181Ia 4500 | ||
|---|---|---|---|
| 005 | 20250508162920.0 | ||
| 008 | 008 250505s9999 xx 000 0 hin d | ||
| 037 | _aTextual | ||
| 040 |
_aFEDL _beng _cFEDL |
||
| 041 |
_ahin _2eng |
||
| 084 |
_a407, WHO _qFEDL |
||
| 100 |
_aKerol John B _9774385 |
||
| 245 | 0 | _aBhasha, vichar aur vastvikta : Benjamin Lee Whofer ki mahatvapurn rachnao ka sankalan | |
| 260 |
_aChandigarh, India _bHaryana Sahitya Akademi _c1990 |
||
| 300 | _axii,336p. | ||
| 942 |
_cTEXL _h407, WHO |
||
| 999 |
_c1379412 _d1379412 |
||